|
|
|
|
| LEADER |
01018cam a22003011a 4500 |
| 001 |
000035121 |
| 003 |
11387 |
| 005 |
20210329140338.0 |
| 008 |
151103s2009 vm 000 eng |
| 020 |
|
|
|c 164000
|
| 041 |
|
|
|a eng
|
| 082 |
|
|
|a 420.8
|b KI-J
|
| 100 |
|
|
|a Kim Ji-yeon
|
| 245 |
|
0 |
|a New Toeic Intensive - Tomato Series Reading /
|c Kim Ji-Yeon ;Lee Seonglyong
|n Reading
|
| 260 |
|
|
|b Tổng hợp TP.HCM
|a NHân Trí Việt,
|c 2009.
|
| 300 |
|
|
|a 436tr. :
|b mh. ;
|c 26cm.
|
| 650 |
|
|
|a Toeic Intensive
|
| 653 |
|
|
|a Toeic
|a Tomato
|a Reading
|
| OWN |
|
|
|a LNN
|
| 902 |
|
|
|a TKA
|
| AVA |
|
|
|a UDN50
|b LNN
|c English
|d 420.8 KI-J
|e available
|t Error 5001 Not defined in file expand_doc_bib_avail.
|f 3
|g 0
|h N
|i 0
|j AN
|
| 999 |
|
|
|a From the UDN01
|
| AVA |
|
|
|a UDN50
|b LNN
|c English
|d 420.8 KI-J
|e available
|t Error 5001 Not defined in file expand_doc_bib_avail.
|f 3
|g 0
|h N
|i 0
|j AN
|
| TYP |
|
|
|a Monograph
|
| TYP |
|
|
|a Printed language
|
| 980 |
|
|
|a Mạng thư viện Đại học Đà Nẵng
|